• 首页
  • 本馆介绍
  • 公告通知
  • 最新文献
  • 馆藏检索
  • 电子资源
  • 读者导购
  • 参考咨询
  • 我的图书馆
  • 登录
  • 详细信息显示
  • 放入我的书架
  • 预约/预借图书
  • 作者相关作品
  • 分类相关作品
  • 丛书相关作品
  • 出版社相关作品

书目信息

  • 表格格式
  • 工作单格式
  • 卡片格式
题名:
高性能聚丙烯成核剂的制备及其应用
    
 
作者: 郑玉婴 著
分册:  
出版信息: 北京   科学出版社  2017.5
页数: 188页
开本: 21cm
丛书名:
单 册:
中图分类: TQ325.1
科图分类:
主题词: 聚丙烯--助剂--研究
电子资源:
ISBN: 978-7-03-052356-3
000 00972nam0 2200229 450
001 0400009216
005 20171119113047.0
010    @a978-7-03-052356-3@dCNY78.00
100    @a20170802d2017 em y0chiy50 ea
101 0  @achi
102    @aCN@b110000
105    @aa z 001yy
106    @ar
200 1  @a高性能聚丙烯成核剂的制备及其应用@Agao xing neng ju bing xi cheng he ji de zhi bei ji qi ying yong@f郑玉婴著
210    @a北京@c科学出版社@d2017.5
215    @a188页@c图@d21cm
330    @a本书概述聚丙烯的分子构象和晶型、聚丙烯β晶成核剂及其作用机理等方面的知识,详细介绍了β-环糊精马来酸酐镧配合物的合成及其在聚丙烯中的应用,改性聚丙烯的等温和非等温结晶及熔融行为,β-i PP的加工流变、热稳定性及对β-i PP热处理,采用硬脂酸钙和庚二酸复配制备高β晶成核剂及其改性聚丙烯,四针状氧化锌晶须改性聚丙烯。
606 0  @a聚丙烯@x助剂@x研究
690    @aTQ325.1@v5
701  0 @a郑玉婴@Azheng yu ying@4著
801  0 @aCN@b上海新华@c20171119
905    @b1028688-92@dTQ325.1@e79@f5
    
    高性能聚丙烯成核剂的制备及其应用/郑玉婴著.-北京:科学出版社,2017.5
    188页:图;21cm
    
    
    ISBN 978-7-03-052356-3:CNY78.00
    本书概述聚丙烯的分子构象和晶型、聚丙烯β晶成核剂及其作用机理等方面的知识,详细介绍了β-环糊精马来酸酐镧配合物的合成及其在聚丙烯中的应用,改性聚丙烯的等温和非等温结晶及熔融行为,β-i PP的加工流变、热稳定性及对β-i PP热处理,采用硬脂酸钙和庚二酸复配制备高β晶成核剂及其改性聚丙烯,四针状氧化锌晶须改性聚丙烯。
●
相关链接 在E读中查询图书 在五车中查询图书 在当当中查询图书 在豆瓣中查询图书


正题名:高性能聚丙烯成核剂的制备及其应用     索取号:TQ325.1/79         预约/预借

序号 登录号 条形码 馆藏地/架位号 状态 备注
1 1028688   210286885   第二样本阅览室/ [索取号:TQ325.1/79] 在馆    
2 1028689   210286894   密集书库-化学系/ [索取号:TQ325.1/79] 在馆    
3 1028690   210286901   第三借阅区/ [索取号:TQ325.1/79] 在馆    
4 1028691   210286910   第三借阅区/ [索取号:TQ325.1/79] 在馆    
5 1028692   210286929   第三借阅区/ [索取号:TQ325.1/79] 在馆    
唐山师范学院图书馆 欢迎您!
大连网信软件有限公司© 版权所有